| 000 | 00659pam a2200205 a 4500 | ||
|---|---|---|---|
| 001 | 3434276 | ||
| 005 | 20240201013848.0 | ||
| 008 | 911114s1992 enk b 001 0 eng | ||
| 020 | _a0415018137 | ||
| 040 |
_aDLC _cDLC _dDLC |
||
| 082 | 0 | 0 |
_a305.8 _220 _bRAC. |
| 100 | 1 | _aAnthias, Floya, | |
| 245 | 1 | 0 |
_aRacialized boundaries : _brace, nation, gender, colour, and class and the anti-racist struggle / _cFloya Anthias and Nira Yuval-Davis, in association with Harriet Cain. |
| 260 |
_aLondon ; _aNew York : _bRoutledge, _c1992. |
||
| 300 | _aix, 226 p. ; | ||
| 650 | 0 | _aRacism | |
| 700 | 2 |
_aYuval-Davis, Nira. _eedt |
|
| 700 | 1 |
_aCain, Harriet. _eedt |
|
| 942 | _cL | ||
| 999 |
_c254 _d254 |
||